La Révolution française (Record no. 65964)
[ view plain ]
| 000 -LEADER | |
|---|---|
| campo de control de longitud fija | 00682nam a2200181 i 4500 |
| 001 - NÚMERO DE CONTROL | |
| campo de control | 65964 |
| 003 - IDENTIFICADOR DE NÚMERO DE CONTROL | |
| campo de control | ES-MaACL |
| 005 - FECHA Y HORA DE LA ÚLTIMA TRANSACCIÓN | |
| campo de control | 20231103062529.0 |
| 007 - CAMPO FIJO DE DESCRIPCIÓN FÍSICA--INFORMACIÓN GENERAL | |
| campo de control de longitud fija | t| |
| 008 - DATOS DE LONGITUD FIJA--INFORMACIÓN GENERAL | |
| campo de control de longitud fija | 040123s1935 fr ||||1| fre d |
| 100 1# - ENTRADA PRINCIPAL--NOMBRE DE PERSONA | |
| Nombre de persona | Funck-Brentano, Frantz ( |
| Fechas asociadas al nombre | 1862-1947) |
| 9 (RLIN) | 53022 |
| 245 13 - MENCIÓN DEL TÍTULO | |
| Título | La Révolution française |
| Resto del título | : las causes de la révolution : l'Assemblée Constituante : l'Assemblée Legislative : la Convention Nationale : le Directoire / |
| Mención de responsabilidad, etc. | F. Funck-Brentano. |
| 260 ## - PUBLICACIÓN, DISTRIBUCIÓN, ETC. | |
| Lugar de publicación, distribución, etc. | París : |
| Nombre del editor, distribuidor, etc. | Flammarion, |
| Fecha de publicación, distribución, etc. | [1935] ( |
| Fabricante | Imp. E. Desfosses) |
| 300 ## - DESCRIPCIÓN FÍSICA | |
| Extensión | 64 p. ; |
| Dimensiones | 26 cm. |
| 651 #4 - PUNTO DE ACCESO ADICIONAL DE MATERIA--NOMBRE GEOGRÁFICO | |
| Nombre geográfico | Francia- |
| Subdivisión general | Historia- |
| Subdivisión cronológica | 1789-1799, Revolución |
| 9 (RLIN) | 8685 |
| 852 ## - LOCALIZACIÓN | |
| Ubicación | ES-MaACL |
| Número de control de estantería | 1810-F-10 |
| Estatus retirado | Estado de pérdida | Estado de daño | No para préstamo | Colección | Biblioteca de origen | Biblioteca actual | Ubicación en estantería | Fecha de adquisición | Fuente de adquisición | Total de préstamos | Signatura topográfica completa | Código de barras | Visto por última vez | Precio de reemplazo | Tipo de ítem Koha |
|---|---|---|---|---|---|---|---|---|---|---|---|---|---|---|---|
| Colección de folletos | Biblioteca del Ateneo de Madrid | Biblioteca del Ateneo de Madrid | Depósito folletos | 17/01/2008 | 1810-F-10 | 1069104 | 23/02/2023 | 23/02/2023 | Folleto |
